| 000 | 00951nam a22002657a 4500 | ||
|---|---|---|---|
| 001 | BR7702320 | ||
| 003 | BR-BrBNA | ||
| 005 | 20230928085250.0 | ||
| 007 | ta | ||
| 008 | 230509b bl.||||| |||| 00| 0 por d | ||
| 040 |
_aBR-BrBNA _bpor _cBiblioteca Nacional de Agricultura |
||
| 041 | _a(Por) | ||
| 072 |
_aP12 _b/G514 |
||
| 090 | _ P12 BR7702320 | ||
| 100 | 1 | _aGomes, P.C.F. | |
| 110 | 1 |
_aUniversidade Federal da Paraiba, Campina Grande (Brasil). Centro de Ciencias e Tecnologia. Depto. de Engenharia Civil _0Tese (Mestrado) _910754 |
|
| 245 | 1 | _aProblematica da caracterizacao de solos aluviais para fins de drenagem subterranea | |
| 260 | 3 |
_aCampina Grande, PB (Brasil): _c1977. |
|
| 300 | _a119 p. | ||
| 500 | _a33 ref.; Summaries (Eng, Por). (*) Documento disponível na(o) UFPb, Areia, PB (Brazil). Centro de Ciencias Agrarias | ||
| 650 | _aDrenagem | ||
| 650 | _aSolo aluvial | ||
| 909 |
_a202309 _bLucia _c55 _dLucia Elande |
||
| 942 | _cBK | ||
| 999 |
_c23570 _d23570 |
||